| 000 | 00915cam a2200229 4500 | ||
|---|---|---|---|
| 001 | WB3608-09 | ||
| 008 | 000000n2000 000 0 eng u | ||
| 035 | _a(Sirsi) u104266 | ||
| 245 | _aCity out of office space | ||
| 260 | _c2000 | ||
| 490 |
_aScotsman _v 21 February 2000, 8(1) |
||
| 520 | _aCrisis talks will take place between Edinburgh officials over fears that demand will outstrip the supply of office space needed in the city. Current projections for the next two years will meet the ten-year average anticipated need, but there is little space to meet any extra demand. | ||
| 590 | _aWB | ||
| 650 | _aOFFICE RENTS | ||
| 650 | _aPROPERTY-COMMERCIAL PROPERTY-OFFICE PROPERTY-OFFICE PROPERTY MARKET | ||
| 650 | _aEDINBURGH | ||
| 650 | _aDEMAND ANALYSIS | ||
| 650 | _aSUPPLY AND DEMAND | ||
| 650 | _aFORECASTS | ||
| 690 | _aPROPERTY-COMMERCIAL PROPERTY-COMMERCIAL PROPERTY MARKET | ||
| 942 | _n0 | ||
| 999 |
_c62553 _d62553 |
||